00750 2200181 4500001002100000005001500021035002000036245005800056100001000114250001000124300003400134260004100168082000800209084001400217020002200231650001400253520030100267INLIS00000000000019520210302091001 a0010-03210000221 aPanen Rupiah Dengan Budidaya Buah Naga /cRahma Elisa0 aRahma acet.1 a108hal. :bilus. ;c14x20.5cm aJawa Barat :bAkar Publishing,c2018 a634 a634 RAH p a978-602-6348-48-7 4aPertanian aBuah Naga merupakan salah satu buah yang kini banyak diminati konsumsi di pasran. Semua Indonesia mengimpor buah tersebut dari negara Thailand, namun seiring berkembangnya permintaan pasar domestik terhadap buah naga, maka mulai banyak dibudidayakan tanaman buah naga diberbagai daerah Indonesia.